[Event "Challenge"]
[Site "http://www.queenalice.com/game.php?id=1242257"]
[Date "2013.12.23"]
[Round "-"]
[White "Football_rules"]
[Black "Antak"]
[Result "0-1"]
[WhiteElo "1737"]
[BlackElo "1901"]

1. e4 c5 2. Bc4 e6 3. Qf3 Nc6 4. d3 Nf6 5. h3 Be7 6. Bg5 Nd4 7. Qd1 O-O 8. Nc3
a6 9. Nf3 d6 10. Nxd4 cxd4 11. Ne2 b5 12. Bb3 e5 13. Ng3 Be6 14. Bxf6 Bxf6 15.
Bxe6 fxe6 16. Qg4 Qe7 17. Rf1 d5 18. O-O-O Rfc8 19. a3 Rc6 20. h4 Rac8 21. Rd2
Bxh4 22. Rh1 Bg5 23. Qe2 Rxc2+ 24. Kb1 Rxd2 25. Qh5 h6 26. Nf1 Rxf2 27. Qh3 Rcc2
28. exd5 Rxb2+ 29. Ka1 Qxa3# 0-1

[Event "Challenge"]
[Site "http://www.queenalice.com/game.php?id=1242258"]
[Date "2013.12.23"]
[Round "-"]
[White "Football_rules"]
[Black "Antak"]
[Result "0-1"]
[WhiteElo "1719"]
[BlackElo "1910"]

1. e4 e5 2. Nf3 Nc6 3. Bb5 Bc5 4. Bxc6 dxc6 5. Nxe5 Qd4 6. Nd3 Qxe4+ 7. Qe2
Qxe2+ 8. Kxe2 Bd6 9. Re1 Be6 10. h3 Nf6 11. Kf1 O-O-O 12. Kg1 h5 13. a4 g5 14.
b4 Nd5 15. Ba3 Bf5 16. Nc3 Bxd3 17. cxd3 Nxb4 18. Bxb4 Bxb4 19. Ne4 Rxd3 20.
Reb1 Be7 21. Ra2 Rhd8 22. Rab2 b6 23. a5 h4 24. a6 f5 25. Nc3 Bf6 26. Na4 Bxb2
27. Rxb2 Rxd2 28. Rxd2 Rxd2 29. Nc3 Kd7 30. Kh2 Rxf2 31. Nd1 Ra2 32. Ne3 Ke6 0-1

[Event "AUTO-MASTER-2043"]
[Site "http://www.queenalice.com/game.php?id=1260175"]
[Date "2014.2.26"]
[Round "1"]
[White "Antak"]
[Black "TheBigSid"]
[Result "1-0"]
[WhiteElo "1918"]
[BlackElo "2246"]

1. d4 Nf6 2. c4 e6 3. Nc3 Bb4 4. Bg5 h6 5. Bh4 d5 6. e3 O-O 7. Nf3 c5 8. Bd3 Nc6
9. O-O cxd4 10. exd4 Be7 11. a3 b6 12. Rc1 Bb7 13. Bxf6 Bxf6 14. cxd5 exd5 15.
Bb1 Re8 16. Qd3 g6 17. Rfe1 Qd6 18. Ba2 Nd8 19. Rxe8+ 1-0

[Event "AUTO-MASTER-2043"]
[Site "http://www.queenalice.com/game.php?id=1260176"]
[Date "2014.2.26"]
[Round "1"]
[White "TheBigSid"]
[Black "Antak"]
[Result "0-1"]
[WhiteElo "2229"]
[BlackElo "1941"]

1. d4 d5 2. c4 e6 3. e3 Nf6 4. Nc3 c6 5. Nf3 Nbd7 6. Bd3 dxc4 7. Bxc4 b5 8. Bd3
b4 9. Ne2 Be7 10. e4 O-O 11. O-O a5 12. Bg5 Ba6 13. Bc2 Nb6 14. b3 Rc8 15. Rc1
c5 16. Re1 c4 17. bxc4 Bxc4 18. Bxf6 Bxf6 19. Bb3 Bb5 20. Rxc8 Qxc8 21. e5 Be7
22. Ng3 a4 23. Bc2 b3 24. axb3 a3 25. Bd3 Qa6 26. Bxb5 Qxb5 27. Ne4 Ra8 28. Qc2
Rc8 29. Qa2 Nd5 30. Nfd2 Bb4 31. Ra1 Qd3 32. Nd6 Rc2 33. Qb1 Qxd2 34. Qf1 Qxd4
35. Rd1 Qxe5 36. Nc4 Qc3 0-1

[Event "AUTO-MASTER-2043"]
[Site "http://www.queenalice.com/game.php?id=1260177"]
[Date "2014.2.26"]
[Round "1"]
[White "Antak"]
[Black "trallala"]
[Result "0-1"]
[WhiteElo "1962"]
[BlackElo "2320"]

1. d4 d5 2. c4 dxc4 3. e4 e5 4. Nf3 exd4 5. Qxd4 Qxd4 6. Nxd4 Nf6 7. Nc3 Bc5 8.
Ndb5 Na6 9. Bf4 c6 10. Nd6+ Bxd6 11. Bxd6 Be6 12. O-O-O O-O-O 13. Be2 Ng4 14.
Bg3 Nc5 15. f3 Nf6 16. Kc2 b5 17. Bf2 Nfd7 18. Be3 a5 19. Bxc5 Nxc5 0-1

[Event "AUTO-MASTER-2043"]
[Site "http://www.queenalice.com/game.php?id=1260178"]
[Date "2014.2.26"]
[Round "1"]
[White "trallala"]
[Black "Antak"]
[Result "1-0"]
[WhiteElo "2319"]
[BlackElo "1964"]

1. e4 c5 2. d4 cxd4 3. c3 dxc3 4. Nxc3 Nc6 5. Nf3 e6 6. Bc4 a6 7. O-O d6 8. Qe2
Nf6 9. Rd1 Qc7 10. Bf4 Ne5 11. Bb5+ Bd7 12. Bxd7+ Nfxd7 13. Rac1 Qb6 14. Nxe5
Nxe5 15. Na4 Qa5 16. Nc5 dxc5 17. Bxe5 Qxa2 18. Ra1 Qb3 19. Ra3 Qb6 20. Rad3 1-0

[Event "AUTO-MASTER-2043"]
[Site "http://www.queenalice.com/game.php?id=1260179"]
[Date "2014.2.26"]
[Round "1"]
[White "Antak"]
[Black "artegasparphb"]
[Result "0-1"]
[WhiteElo "1947"]
[BlackElo "2190"]

1. d4 d5 2. c4 Nf6 3. Nc3 e6 4. Bg5 Be7 5. Nf3 O-O 6. e3 b6 7. Bd3 Bb7 8. O-O c5
9. Bxf6 Bxf6 10. cxd5 exd5 11. Rc1 c4 12. Bb1 Nc6 13. a3 Bc8 14. Qc2 g6 15. e4
Nxd4 16. Nxd4 Bxd4 17. Nxd5 Ba6 18. Rcd1 Bc5 19. e5 Qg5 20. Qe4 c3 21. Rfe1 cxb2
22. Nc7 Rac8 23. Nxa6 Bxa3 24. f4 Qh4 0-1

[Event "AUTO-MASTER-2043"]
[Site "http://www.queenalice.com/game.php?id=1260180"]
[Date "2014.2.26"]
[Round "1"]
[White "artegasparphb"]
[Black "Antak"]
[Result "1-0"]
[WhiteElo "2147"]
[BlackElo "1960"]

1. f4 d5 2. Nf3 Nf6 3. e3 c5 4. Nc3 a6 5. b3 Nc6 6. Bb2 Bg4 7. Be2 e6 8. O-O Be7
9. h3 Bxf3 10. Bxf3 O-O 11. Ne2 Qb6 12. Ng3 Rfd8 13. Kh1 d4 14. exd4 cxd4 15. d3
Rac8 16. Qe2 Nd5 17. Ne4 Nxf4 18. Qf2 Nb4 19. Bd1 e5 20. Bc1 f6 21. Ng3 Nbd5 22.
Nf5 Bf8 23. Bg4 g6 24. Ng3 f5 25. Bf3 Bc5 26. Bxd5+ Nxd5 27. Bg5 Re8 28. Qf3 Qe6
29. Bh6 Be7 30. Rac1 Ba3 31. Rce1 Rxc2 32. Ne2 Bc5 33. a3 Ba7 34. Nf4 Nxf4 35.
Bxf4 e4 36. dxe4 fxe4 37. Qg3 Rc3 38. Qh4 e3 39. Bh6 d3 40. Qf4 Rcc8 41. Rf3 d2
42. Ref1 1-0

[Event "Challenge.II"]
[Site "http://www.queenalice.com/game.php?id=1260318"]
[Date "2014.2.26"]
[Round "-"]
[White "Antak"]
[Black "Equiferus"]
[Result "1-0"]
[WhiteElo "1956"]
[BlackElo "1754"]

1. e4 d6 2. d4 Nc6 3. Nf3 Bg4 4. Bb5 d5 5. e5 a6 6. Bxc6+ bxc6 7. c4 e6 8. a3
Ne7 9. O-O dxc4 10. Nc3 Nf5 11. Be3 Nxe3 12. fxe3 Be7 13. Qa4 Qd7 14. Qxc4 O-O
15. Ne4 Bf5 16. Nc5 Qd5 17. Qxd5 cxd5 18. Nd2 Rfd8 19. b4 c6 20. Ndb3 Ra7 21.
Rfe1 g5 22. Rac1 f6 23. exf6 Bxf6 24. Rf1 Kg7 25. Rxf5 exf5 26. Ne6+ Kf7 27.
Nxd8+ Bxd8 28. Rxc6 g4 29. Nc5 a5 30. Ra6 Rxa6 31. Nxa6 axb4 32. axb4 Ke7 33.
Kf2 Kd6 34. b5 h6 35. Kg3 Kd7 36. Kf4 Ke6 37. Nc5+ Kf6 38. b6 Kg6 39. Nd7 Be7
40. Ke5 1-0

[Event "Challenge"]
[Site "http://www.queenalice.com/game.php?id=1264037"]
[Date "2014.3.11"]
[Round "-"]
[White "Football_rules"]
[Black "Antak"]
[Result "0-1"]
[WhiteElo "1515"]
[BlackElo "1947"]

1. e4 c5 2. Bc4 e6 3. d3 Nc6 4. Nf3 d5 5. Bb5 a6 6. Bxc6+ bxc6 7. e5 Ne7 8. Nc3
Nf5 9. Bf4 Be7 10. h3 Rb8 11. b3 h6 12. O-O O-O 13. d4 cxd4 14. Nxd4 Nxd4 15.
Qxd4 c5 16. Qd2 Qa5 17. Rad1 g5 18. Be3 d4 19. Ne4 Qxd2 20. Bxd2 Bb7 21. Ng3 Bd5
22. Nh5 Be4 23. c3 Bc2 24. Rc1 Bg6 25. Nf6+ Bxf6 26. exf6 d3 27. c4 Rfe8 28.
Rfe1 e5 29. Bc3 e4 30. Re3 Re6 31. a4 Rxb3 32. Kh2 Rxc3 33. Rxc3 d2 34. Rb3 d1=Q
35. Rb8+ Kh7 36. Reb3 Rxf6 37. Re8 Qxb3 38. g4 Rxf2+ 0-1

[Event "Challenge"]
[Site "http://www.queenalice.com/game.php?id=1264038"]
[Date "2014.3.11"]
[Round "-"]
[White "Antak"]
[Black "Football_rules"]
[Result "1-0"]
[WhiteElo "1929"]
[BlackElo "1625"]

1. e4 e5 2. Nf3 d6 3. d4 exd4 4. Nxd4 Nc6 5. Bb5 Bd7 6. Nc3 Qf6 7. Nxc6 bxc6 8.
Bc4 Ne7 9. Be3 Ng6 10. O-O Ne5 11. Bd4 c5 12. Bxe5 Qxe5 13. Qf3 Be6 14. Nd5 Bxd5
15. Bb5+ c6 16. exd5 cxb5 17. Rae1 Qxe1 18. Rxe1+ Be7 19. Qe2 O-O 20. Qxe7 h6
21. Qxd6 c4 22. c3 a5 23. Qc5 Rab8 24. d6 Rfe8 25. Kf1 Rbd8 26. Rxe8+ Rxe8 27.
d7 Rd8 28. Qe7 1-0

[Event "Aspayne"]
[Site "http://www.queenalice.com/game.php?id=1283327"]
[Date "2014.5.22"]
[Round "2"]
[White "Antak"]
[Black "pizzaiolo72"]
[Result "0-1"]
[WhiteElo "1969"]
[BlackElo "2040"]

1. d4 d5 2. c4 dxc4 3. e4 b5 4. Nc3 c6 5. Nf3 Bg4 6. Be2 Nf6 7. O-O e6 8. Bg5
Be7 9. e5 Nd5 10. Bxe7 Qxe7 0-1

[Event "Challenge"]
[Site "http://www.queenalice.com/game.php?id=1306738"]
[Date "2014.9.7"]
[Round "-"]
[White "Antak"]
[Black "noroc"]
[Result "0-1"]
[WhiteElo "1951"]
[BlackElo "1807"]

1. d4 d5 2. c4 e6 3. Nc3 Nf6 4. Bg5 Be7 5. Nf3 dxc4 6. e3 c5 7. Bxc4 O-O 8. O-O
Nc6 9. Rc1 cxd4 10. exd4 Bd7 0-1

[Event "Nova1"]
[Site "http://www.queenalice.com/game.php?id=1327147"]
[Date "2014.12.9"]
[Round "-"]
[White "Antak"]
[Black "Equiferus"]
[Result "1-0"]
[WhiteElo "1933"]
[BlackElo "1883"]

1. d4 f5 2. c4 Nf6 3. Nc3 g6 4. Nf3 Bg7 5. Bf4 O-O 6. e3 d6 7. Be2 Ng4 8. O-O
Nc6 9. h3 Nf6 10. a3 Re8 11. Re1 Ne4 12. Nxe4 fxe4 13. Nd2 e5 14. dxe5 Nxe5 15.
Nxe4 h6 16. Nc3 g5 17. Bg3 Bf5 18. f4 Ng6 19. Bh5 Bxc3 20. bxc3 Re4 21. Qd5+ Re6
22. Qxf5 Qf6 23. Qxg6+ Qxg6 24. Bxg6 Rxg6 25. f5 Rf6 26. e4 c5 27. Rad1 Re8 28.
Rxd6 Kg7 29. Rxf6 Kxf6 30. Bd6 b6 31. g4 1-0

[Event "AUTO-OPEN-3469"]
[Site "http://www.queenalice.com/game.php?id=1354166"]
[Date "2015.4.18"]
[Round "1"]
[White "maurice91"]
[Black "Antak"]
[Result "1-0"]
[WhiteElo "1832"]
[BlackElo "1932"]

1. e4 c5 2. Bc4 e6 3. Nc3 Nc6 4. a3 a6 5. d3 Nf6 6. Bg5 Be7 7. Nge2 O-O 8. O-O
Ne5 9. Ba2 d6 10. f4 Neg4 11. Qd2 Nd7 12. Bxe7 Qxe7 13. h3 Ngf6 14. Ng3 b6 15.
Nce2 Bb7 16. c3 Rfd8 17. Qe3 Rac8 18. d4 cxd4 19. Nxd4 Nc5 20. e5 Nd5 21. Bxd5
Bxd5 22. exd6 Qxd6 23. Rac1 Bc4 24. Rfd1 Nd3 25. Ne4 Qxf4 26. Rxd3 1-0

[Event "AUTO-OPEN-3469"]
[Site "http://www.queenalice.com/game.php?id=1354167"]
[Date "2015.4.18"]
[Round "1"]
[White "Antak"]
[Black "maurice91"]
[Result "0-1"]
[WhiteElo "1912"]
[BlackElo "1861"]

1. d4 d5 2. c4 e6 3. Nc3 Bb4 4. Nf3 Nf6 5. Bg5 Nbd7 6. e3 c6 7. Bd3 a6 8. O-O
O-O 9. Qc2 dxc4 10. Bxc4 b5 11. Bd3 Be7 12. e4 Bb7 13. e5 Nd5 14. Bxe7 Qxe7 15.
Bxh7+ Kh8 16. Nxd5 exd5 17. Qf5 g6 18. Qh3 Kg7 19. Bxg6 fxg6 20. Qg3 Rf5 21.
Rfe1 Re8 22. e6 Nf6 23. Ne5 g5 24. Nf3 Ne4 25. Qg4 Qxe6 26. Ne5 Nxf2 0-1

[Event "AUTO-OPEN-3469"]
[Site "http://www.queenalice.com/game.php?id=1354194"]
[Date "2015.4.18"]
[Round "1"]
[White "Antak"]
[Black "chessman"]
[Result "1-0"]
[WhiteElo "1915"]
[BlackElo "1950"]

1. d4 d5 2. c4 c6 3. Nf3 Nf6 4. Nc3 e6 5. Bg5 Be7 6. e3 O-O 7. Bd3 Re8 8. O-O
Nbd7 9. Qc2 Nb6 10. c5 Nbd7 11. b4 a5 12. b5 h6 13. Bxf6 Bxf6 14. bxc6 bxc6 15.
Rab1 e5 16. Nd2 exd4 17. exd4 Bxd4 18. Na4 Ba6 19. Bxa6 Rxa6 20. Qd3 1-0

[Event "AUTO-OPEN-3469"]
[Site "http://www.queenalice.com/game.php?id=1354195"]
[Date "2015.4.18"]
[Round "1"]
[White "chessman"]
[Black "Antak"]
[Result "1-0"]
[WhiteElo "2007"]
[BlackElo "1932"]

1. e4 c5 2. Nf3 e6 3. d4 cxd4 4. Nxd4 Nc6 5. Be2 Nf6 6. Nc3 Bb4 7. Be3 Nxe4 8.
Nxc6 bxc6 9. Bd2 Nxd2 10. Qxd2 O-O 11. O-O d5 12. Qd4 Qb6 13. Qh4 e5 14. Qg3 Re8
15. Nd1 Bd2 16. c3 Bf4 17. Qh4 Be6 18. b3 Qd8 19. Qxd8 Raxd8 20. Nb2 1-0

[Event "Challenge"]
[Site "http://www.queenalice.com/game.php?id=1354270"]
[Date "2015.4.18"]
[Round "-"]
[White "Antak"]
[Black "Equiferus"]
[Result "0-1"]
[WhiteElo "1876"]
[BlackElo "1862"]

1. d4 f5 2. c4 g6 3. Nc3 Nf6 4. Nf3 Bg7 5. Bf4 d6 6. e3 O-O 7. Be2 Re8 8. O-O
Be6 9. Ng5 Bd7 10. Qc2 e5 11. dxe5 dxe5 12. Bg3 h6 13. Nf3 Nc6 14. Rad1 Qe7 15.
Bh4 g5 16. Nd5 Nxd5 17. cxd5 gxh4 18. dxc6 bxc6 19. Qc4+ Be6 20. Qxh4 Bxa2 21.
Bc4+ Bxc4 22. Qxc4+ Qe6 23. Rc1 Qxc4 24. Rxc4 Re6 25. Rfc1 e4 26. Nd4 Bxd4 0-1

[Event "AUTO-ADV-3395"]
[Site "http://www.queenalice.com/game.php?id=1354286"]
[Date "2015.4.18"]
[Round "1"]
[White "Antak"]
[Black "cucalegal"]
[Result "0-1"]
[WhiteElo "1919"]
[BlackElo "1868"]

1. d4 c6 2. Nf3 Qa5+ 3. Nc3 e6 4. e4 Bb4 5. Bd2 Qc7 6. Bd3 h6 7. O-O d6 8. a3
Bxc3 9. Bxc3 b5 10. Re1 Nf6 11. d5 cxd5 12. Bxb5+ Bd7 13. Bxd7+ Nbxd7 14. exd5
Nxd5 15. Qxd5 Nb6 16. Qb5+ Qd7 17. Qxd7+ Kxd7 18. Bxg7 Rh7 19. Bd4 Nc8 0-1

[Event "AUTO-ADV-3395"]
[Site "http://www.queenalice.com/game.php?id=1354288"]
[Date "2015.4.18"]
[Round "1"]
[White "Antak"]
[Black "Champignac"]
[Result "1-0"]
[WhiteElo "1894"]
[BlackElo "2007"]

1. d4 d5 2. c4 Nf6 3. Nf3 Bg4 4. Nc3 e6 5. Bg5 Bxf3 6. exf3 Be7 7. Bd3 h6 8. Bh4
c6 9. O-O Nbd7 10. Qb3 b6 11. Rfe1 Nh5 12. Bxe7 Qxe7 13. cxd5 cxd5 14. Nxd5 Qd8
15. Rxe6+ fxe6 16. Bg6+ Kf8 17. Qb4+ Kg8 18. Ne7+ 1-0

[Event "AUTO-ADV-3395"]
[Site "http://www.queenalice.com/game.php?id=1354289"]
[Date "2015.4.18"]
[Round "1"]
[White "Champignac"]
[Black "Antak"]
[Result "1-0"]
[WhiteElo "1997"]
[BlackElo "1888"]

1. c4 Nf6 2. Nc3 e6 3. d3 d5 4. e3 c6 5. Bd2 Nbd7 6. b3 Be7 7. Nf3 O-O 8. d4 Re8
9. c5 b6 10. b4 b5 11. Bd3 Nf8 12. O-O Ng6 13. Ne5 Qc7 14. f4 Bd7 15. Qc2 a5 16.
Nxg6 hxg6 17. Rf3 axb4 18. Ne2 Ra4 19. Bxg6 fxg6 20. Nc1 Ne4 21. Nb3 1-0

[Event "AUTO-ADV-3395"]
[Site "http://www.queenalice.com/game.php?id=1354290"]
[Date "2015.4.18"]
[Round "1"]
[White "Antak"]
[Black "tewald"]
[Result "0-1"]
[WhiteElo "1949"]
[BlackElo "1917"]

1. d4 Nf6 2. c4 e6 3. Nc3 c5 4. Nf3 Nc6 5. Bg5 cxd4 6. Nxd4 Be7 7. e3 O-O 8. Be2
h6 9. Bh4 Nxd4 10. exd4 d5 11. O-O dxc4 12. Bxc4 a6 13. Bb3 b5 14. Qd3 Bb7 15.
Bc2 g6 16. Bxf6 Bxf6 17. Ne2 Qd5 18. Nf4 Qg5 19. Rad1 Qxf4 0-1

[Event "AUTO-ADV-3395"]
[Site "http://www.queenalice.com/game.php?id=1354291"]
[Date "2015.4.18"]
[Round "1"]
[White "tewald"]
[Black "Antak"]
[Result "1-0"]
[WhiteElo "1969"]
[BlackElo "1901"]

1. d4 d5 2. Bf4 Nf6 3. e3 e6 4. Bd3 c5 5. c3 Nc6 6. h3 Bd6 7. Bxd6 Qxd6 8. Nd2
O-O 9. Ngf3 b6 10. dxc5 bxc5 11. O-O Re8 12. Qc2 c4 13. Be2 Ne7 14. Rfd1 Qb6 15.
b4 Bb7 16. a4 a6 17. a5 Qa7 18. Nf1 Ng6 19. Ng3 Bc6 20. Nd4 Bd7 21. Nh5 Ne4 22.
Bxc4 Nxc3 23. Qxc3 1-0

[Event "Challenge"]
[Site "http://www.queenalice.com/game.php?id=1356565"]
[Date "2015.4.30"]
[Round "-"]
[White "Antak"]
[Black "Football_rules"]
[Result "0-1"]
[WhiteElo "1859"]
[BlackElo "1764"]

1. e4 e5 2. Nf3 d6 3. d4 exd4 4. Nxd4 f6 5. Bb5+ c6 6. Ba4 Be7 7. O-O h6 8. c3
Qb6 9. Nd2 Nd7 10. N2f3 Ne5 11. Bb3 Bg4 12. Be3 c5 0-1